32島根県の市町村(選択形式) - Statistics

General Stats
  • This quiz has been taken 23 times
  • The average score is 13 of 19
Answers on the Map
Answers color-coded by a green-red scale on the quiz's map according to % correct below.
 
Answer Stats
Answer % Correct
01:松江市
90%
03:出雲市
86%
06:安来市
86%
19:隠岐の島町
81%
04:益田市
76%
08:雲南市
76%
14:津和野町
76%
17:西ノ島町
76%
05:大田市
71%
09:奥出雲町
71%
10:飯南町
67%
02:浜田市
62%
07:江津市
62%
13:邑南町
62%
16:海士町
62%
18:知夫村
62%
11:川本町
57%
12:美郷町
57%
15:吉賀町
57%
No matching quizzes found
Score Distribution
Percent of People with Each Score
Percentile by Number Answered
Your Score History
You have not taken this quiz